MARC

LEADER 00000nam0a2200000 4500
001 377298
005 20231102012912.0
035 |a (RuTPU)RU\TPU\retro\34747 
090 |a 377298 
100 |a 20230217d1978 km y0rusy50 ca 
101 0 |a rus 
102 |a RU 
105 |a a z 001zb 
200 1 |a Н. П. Амосов. Литературное наследие. Переписка. Воспоминания современников  |f сост. В. П. Варунец 
210 |a Москва  |c Советский композитор  |d 1978 
215 |a 216 с.  |c ил. 
320 |a Библиогр.: с. 196-199 
320 |a Указатель имен: с. 201-213 
600 1 |a Аносов  |b Н. П.  |c русский дирижер, педагог  |f 1900-1962  |g Николай Павлович  |2 stltpush  |3 (RuTPU)RU\TPU\pers\47513 
606 1 |a Дирижерское искусство  |2 stltpush  |3 (RuTPU)RU\TPU\subj\9587  |9 36805 
610 1 |a литературное наследие 
610 1 |a переписка 
610 1 |a воспоминания 
610 1 |a дирижирование 
610 1 |a история 
610 1 |a 20 век 
610 1 |a Россия 
610 1 |a биографии 
675 |a 78.071.2  |v 4 
702 1 |a Варунец  |b В. П.  |4 220 
801 1 |a RU  |b 63413507  |c 20230217 
942 |c BK